000 00635nam a2200241 i 4500
001 C2-0106556
003 PPAK
005 20180727102034.0
008 970610s1990 nyu |||| ||||| | eng d
020 _a0689505108
040 _aPPAK
_beng
_cPPAK
_erda
082 0 4 _a823
_223
090 0 0 _a823
_bCOL
_dK
100 1 _aCole, Norma,
_eauthor
245 1 4 _aThe final tide
264 1 _aNew York :
_bMargaret K. McElderry Books ,
_c1990
300 _a153 pages ;
_c21 cm
336 _2rdacontent
_atext
337 _2rdamedia
_aunmediated
338 _2rdacarrier
_avolume
650 1 0 _aChildren's stories, English
942 _ddc
_cB
999 _c26124
_d26124